Marketing management
Na minha lista:
| Autor principal: | |
|---|---|
| Outros Autores: | , |
| Formato: | Livro |
| Idioma: | francês |
| Publicado em: |
Paris
Pearson Education
2013
|
| Edição: | 14. éd. |
| Colecção: | Apprendre toujours
|
| Assuntos: | |
| Tags: |
Sem tags, seja o primeiro a adicionar uma tag!
|
MARC
| LEADER | 00000nam a2200000 4500 | ||
|---|---|---|---|
| 001 | 0178514 | ||
| 005 | 20240311130505.2 | ||
| 020 | |a 978-2-7440-7623-7 | ||
| 041 | 0 | |a fre | |
| 044 | |a FR | ||
| 245 | 1 | 0 | |a Marketing management |c Philip Kotler, Kevin Keller, Delphine Manceau |
| 250 | |a 14. éd. | ||
| 264 | 1 | |a Paris |b Pearson Education |c 2013 | |
| 300 | |a xl, 841 s. |e príl. | ||
| 490 | 1 | |a Apprendre toujours | |
| 830 | 0 | |a Apprendre toujours | |
| 610 | 2 | 0 | |a marketing manažment |
| 610 | 2 | 0 | |a trh |
| 610 | 2 | 0 | |a zákazníci |
| 610 | 2 | 0 | |a stratégia marketingová |
| 610 | 2 | 0 | |a značky |
| 610 | 2 | 0 | |a distribúcia |
| 610 | 2 | 0 | |a komunikácia marketingová |
| 100 | 1 | |a Kotler, Philip | |
| 700 | 1 | |a Keller, Kevin | |
| 700 | 1 | |a Manceau, Delphine | |